Suits- Law Firm Names Quiz - Statistics

General Stats
  • This quiz has been taken 429 times
  • The average score is 9 of 13
Answer Stats
Hint Answer % Correct
Present Day- Beginning of Season 1 Pearson Hardman
99%
Goodbye and Good Riddance Pearson
94%
End of British Invasion Pearson Specter
85%
Blackmail Pearson Specter Litt
85%
Disbarred- Season 6 Specter Litt
80%
Aftermath of War Pearson Darby
75%
Season 7 Finale Zane Specter Litt
70%
Promotion Pearson Darby Specter
68%
Disbarred! Season 8 Specter Litt Wheeler Williams
52%
The End-Result of the Competition for Name Partner Zane Specter Litt Wheeler Williams
52%
Fired! Specter Litt Williams
42%
Flashback- Pre Jessica Era Gordon Schmidt Van Dyke
41%
Finale Litt Wheeler Williams Bennett
40%
No matching quizzes found
Score Distribution
Percent of People with Each Score
Percentile by Number Answered
Your Score History
You have not taken this quiz